| 000 | 01027nam a2200253 a 4500 | ||
|---|---|---|---|
| 001 | 38159 | ||
| 003 | BD-RjUL | ||
| 005 | 20211209052735.0 | ||
| 008 | 150919s1979 bg ||||| |||| 00| 0 ben d | ||
| 035 | _a(BD-RjUL)38264 | ||
| 040 |
_aBD-RjUL _bben _cBD-RjUL |
||
| 041 | _aben | ||
| 082 |
_223 _a351 _bWHL 1979 |
||
| 100 |
_aহোয়াইট, লিওনার্ড ডি. _9118070 |
||
| 245 |
_aলোক-প্রশাসন পরিচিতি / _cলিওনার্ড ডি. হোয়াইট. ; মোহাম্মদ আফতাব হোসেন অনূদিত. |
||
| 260 |
_aঢাকা : _bবাংলা একাডেমী, _c১৯৭৯ |
||
| 300 |
_a খণ্ড ; _c২১ সেমি. |
||
| 505 | _a খণ্ড ১, ২ | ||
| 650 |
_aলোক প্রশাসন _9118071 |
||
| 650 |
_aPublic administration. _9117250 |
||
| 650 |
_aPolitics and government _9118072 |
||
| 700 |
_a হোসেন, মোহাম্মদ আফতাব. _9118073 |
||
| 942 |
_2ddc _cBK _02 |
||
| 999 |
_c38159 _d38159 |
||